Statystyki dla Państwa Europy - quiz na mapie

Kliknij tutaj aby rozwiązać quiz!

Ogólne statystyki

  • Ten quiz został rozwiązany 25 razy
  • Średni wynik to 35 z 45

Odpowiedzi na mapie

Odpowiedzi skodowane kolorowo w zielono-czerwonej skali na mapie do tego quizu, zgodnie z poniższymi procentami.
 

Statystyki odpowiedzi

Państwa% Poprawnych
Polska
95%
Estonia
90%
Litwa
90%
Lotwa
90%
Ukraina
90%
Finlandia
86%
Francja
86%
Hiszpania
86%
Holandia
86%
Niemcy
86%
Norwegia
86%
Rosja
86%
Szwecja
86%
Wielka
Brytania
86%
Włochy
86%
Belgia
81%
Białoruś
81%
Czechy
81%
Irlandia
81%
Portugalia
81%
Rumunia
81%
Austria
76%
Grecja
76%
Islandia
76%
Liechtenstein
76%
San Marino
76%
Slowacja
76%
Szwajcaria
76%
Węgry
76%
Albania
71%
Andora
71%
Bułgaria
71%
Czarnogóra
71%
Dania
71%
Luksemburg
71%
Moldawia
71%
Slowenia
71%
Watykan
71%
Serbia
67%
Bośnia i
Hercegowina
62%
Chorwacja
62%
Kosowo
62%
Monako
62%
Macedonia
Północna
57%
Malta
57%

Rozkład punktacji

Percentyl według liczby udzielonych odpowiedzi

Procent ludzi z każdym wynikiem

Twoja historia wyników

Nie rozwiązałeś tego quizu